000 00337nam a22001457a 4500
008 210521b ||||| |||| 00| 0 eng d
020 _a038514945X
041 _aeng
080 _a004
082 _a004
100 _a28
101 _aSHKI
245 _aComputers and Data Processing Made Simple
_cCalvin A. Hofeditz
942 _2udc
_cBK
999 _c57575
_d57575